000 00687nam a2200253Ia 4500
003 OSt
005 20220924115259.0
006 a|||||r|||| 00| 0
007 ta
008 220923b |||||||| |||| 00| 0 urd d
020 _c60.00
024 _a317595
037 _cTextual
040 _aARTS
_cARTS
_burd
041 _2urd
_aurd
082 _aO168,6M17:g(W), M7
100 _aKareemi Fauq Au.
_9177547
245 0 _aSir Sayed ke siyasi afkar
260 _aDelhi
_bAnjuman Taraqqi Urdu India
_c1987
300 _a256p.
_ccm.
650 _aURDU PROSE
_926866
942 _hO168,6M17:g(W), M7
_cTEXL
_2CC
999 _c397596
_d397596